| 000 | 01309 a2200217 4500 | ||
|---|---|---|---|
| 003 | NUST | ||
| 005 | 20221107174743.0 | ||
| 010 | _a 77030718 | ||
| 020 | _a0070155097 : | ||
| 040 | _cNust | ||
| 082 | 0 | 0 | _a511.33,DAV |
| 100 | 1 |
_aDavio, Marc. _9102440 |
|
| 245 | 1 | 0 |
_aDiscrete and switching functions / _cMarc Davio, Jean-Pierre Deschamps, Andr⥠Thayse ; with a foreword by Raymond T. Yeh. |
| 260 |
_aSt. Saphorin, Switzerland : _bGeorgi Pub. Co. ; _aNew York : _bMcGraw-Hill International Book Co., _cc1978. |
||
| 300 |
_axx, 729 p. : _bill. ; _c24 cm. |
||
| 505 | _aIntroduction (Page-xv), Algebraic Structure (Page-1), Elementary theory of Discrete Functions (Page-73), Lattice Expression of Discrete Functions (Page-129), Ring Expression of Discrete Functions (Page-237), Field Expression of Galois Functions (Page-317), Minimization of ring Expansions(Page-353), Difference ad Differential Calculus for Discrete Functions (Page-395), The Optimal Covering Problems (Page-457), Functional Competence (Page-503), Complexity of Logic Functions (Page-525), Decompositions (Page-545), Unateness (Page-589), Symmetry (Page-637). | ||
| 650 | 0 |
_aSwitching theory. _982877 |
|
| 700 | 1 |
_aDeschamps, Jean-Pierre, _d1945- _9102441 |
|
| 700 | 1 |
_aThayse, Andr⥬ _d1940- _9102442 |
|
| 942 |
_2ddc _cBK _k511.33,DAV |
||
| 999 |
_c181897 _d181897 |
||